Marine policy in Southeast Asia
Gorde:
| Formatua: | Liburua |
|---|---|
| Hizkuntza: | Undetermined |
| Argitaratua: |
Berkeley, CA
Univ. of California Press
1985
|
| Gaiak: | |
| Etiketak: |
Etiketa erantsi
Etiketarik gabe, Izan zaitez lehena erregistro honi etiketa jartzen!
|
| Thư viện lưu trữ: | Trung tâm Học liệu Trường Đại học Cần Thơ |
|---|
| LEADER | 00584nam a2200193Ia 4500 | ||
|---|---|---|---|
| 001 | CTU_58190 | ||
| 008 | 210402s9999 xx 000 0 und d | ||
| 082 | |a 333.952095 | ||
| 082 | |b M338 | ||
| 245 | 0 | |a Marine policy in Southeast Asia | |
| 245 | 0 | |c Edited by George Kent and Mark J. Valencia | |
| 260 | |a Berkeley, CA | ||
| 260 | |b Univ. of California Press | ||
| 260 | |c 1985 | ||
| 650 | |a marine resources,marine law | ||
| 650 | |x government policy | ||
| 650 | |z asia, southeastern,asia, southeastern | ||
| 904 | |i Minh | ||
| 980 | |a Trung tâm Học liệu Trường Đại học Cần Thơ | ||